000 01296nam a2200217 i 4500
001 151790
003 ES-MaACL
005 20250719062536.0
008 040914s1882 be |||| | fre d
110 1 _aBélgica.
_bMinistère de la Justice.
_9134208
245 1 0 _aRèglement de la Maison de Sureté
_b: (nouvelle prison cellulaire) a Anvers /
_cMinistére de la Justice.
260 _aBruxelles :
_b[s.n.],
_c1882 (
_fImp.-Lit. I.-Ph. van Assche)
300 _a41 p. ;
_c23 cm.
650 4 _aEstablecimientos penitenciarios-
_zBélgica.
_9143325
852 _aES-MaACL
_jD-69(3)
_9157275
_bR.FOLL.2/2
_cSVI
_hDonación: Francisco Lastres y Juiz
_xEncuadernación holandesa
_xEncuadernado con otras obras formando un volumen facticio
_gAnotación manuscrita en portada: "Folletos penitenciarios. T. 13"
_dOlim: 193-C-13
_fSello en tinta en portada: Donativo del Sr. Lastres al Ateneo de Madrid 1907"
852 _aES-MaACL
_jD-134(8)
_gAnotación manuscrita en portada: "Estudios penitenciarios", folletos, 1
_hDonación: Francisco Lastres y Juiz
_xEncuadernado con otras obras formando un volumen facticio
_cSVI
_9157274
903 _aLastres y Juiz, Francisco,
_d1848-1918
_q1
_ednr
_970504
942 _2udc
_cFOLLETOS
999 _c151790
_d151790